Из журнала боевых действий 1-го Украинского фронта за период с 6 по 11 мая 1945 г.

RUSMARC
00005313cbm0a2200337#x 450
001d87a625f-7935-4fba-a259-52f86b604edd
00520250430102502.0
100##$a20250429j19460620k###0rusy50 ca
1010#$arus
102##$aRU
1220#$ad19460620##
2001#$aИз журнала боевых действий 1-го Украинского фронта за период с 6 по 11 мая 1945 г.
$j20 июня 1946 г.
251##$cДокумент
300##$aПодлинник
461#0$12001
$aФ. 236
$1251
$cФонд
$1852
$j236
462#0$12001
$aОп. 2673
$1251
$cОпись
$1852
$j2673
462#0$12001
$aД. 2609
$vЛ. 1, 78-163
$1251
$cДело
$1852
$j2609
60102$2nlr_sh
$3RU\NLR\AUTH\6601548633
$aУкраинский фронт
$c1; 1943 - 1945
$jДокументы и материалы
605##$2prlib_sh
$3LIBNET\UAF\0000088514
$aВторая мировая война в архивных документах (Комплекс оцифрованных архивных документов, кино- и фотоматериалов)
$lколлекция
605##$2acquisition_Prlib
$3DITM\AF\0000002775
$aВласть
$lколлекция
605##$2acquisition_Prlib
$3DITM\AF\0000003834
$aНарод
$lколлекция
6061#$2nlr_sh
$3RU\NLR\AUTH\661520861
$aВеликая Отечественная война
$z1941 - 1945
$zТретий период
$z1944 - 1945
$jДокументы и материалы
6061#$2nlr_sh
$3RU\NLR\AUTH\66178943
$aПражская операция
$z1945
$jДокументы и материалы
617##$aЧехословакия
$f1945
$2prlib_sh
686##$a63.3(2)622,13ю1
$2rubbk
$vLBC/M
686##$a63.3(4Чея)62ю1
$2rubbk
$vLBC/M
801#0$aRU
$bПБ им. Б.Н. Ельцина
$c20250429
801#1$aRU
$bПБ им. Б.Н. Ельцина
$c20250429
$2rusmarc
801#2$aRU
$bПБ им. Б.Н. Ельцина
$c20250430
$2rusmarc
850##$aЦентральный архив Министерства обороны Российской Федерации
852##$aЦА МО РФ
$jЛ. 1, 78-163
035##$aLIBNET\0001470925
937##$d196712630
$hФедеральное архивное агентство
8564#$uhttp://readingroom.main.prlib.ru/item.aspx?id_node=n196712630&mode=full
Формат отображения